LEADER 02417nam0 22005053i 450 001 VAN00274518 005 20240806101539.950 017 70$2N$a9783030798918 100 $a20240408d2021 |0itac50 ba 101 $aeng 102 $aCH 105 $a|||| ||||| 200 1 $aAdvances in Data Science$fIlke Demir ... [et al.] editors 210 $aCham$cSpringer$d2021 215 $axx, 364 p.$cill.$d24 cm 410 1$1001VAN00113428$12001 $aAssociation for Women in Mathematics Series$1210 $aBerlin [etc.]$cSpringer$v26 606 $a00B25$xProceedings of conferences of miscellaneous specific interest [MSC 2020]$3VANC020732$2MF 606 $a62-XX$xStatistics [MSC 2020]$3VANC022998$2MF 606 $a62H30$xClassification and discrimination; cluster analysis (statistical aspects) [MSC 2020]$3VANC028931$2MF 606 $a62H35$xImage analysis in multivariate analysis [MSC 2020]$3VANC025240$2MF 606 $a68-XX$xComputer science [MSC 2020]$3VANC019670$2MF 606 $a68Txx$xArtificial intelligence [MSC 2020]$3VANC021266$2MF 606 $a94-XX$xInformation and communication theory, circuits [MSC 2020]$3VANC019701$2MF 606 $a94A08$xImage processing (compression, reconstruction, etc.) in information and communication theory [MSC 2020]$3VANC027486$2MF 610 $aData analysis$9KW:K 610 $aDiscrete approximations$9KW:K 610 $aHealth science$9KW:K 610 $aIncomplete and multi-modal data$9KW:K 610 $aMethods involving duality$9KW:K 610 $aNetworking$9KW:K 610 $aRegularization$9KW:K 610 $aSpatial-temporal dynamics modeling$9KW:K 610 $aStatistical topological learning algorithms$9KW:K 610 $aUser anonymity$9KW:K 620 $aCH$dCham$3VANL001889 702 1$aDemir$bIlke$3VANV226952 712 $aSpringer $3VANV108073$4650 801 $aIT$bSOL$c20250314$gRICA 856 4 $uhttps://doi.org/10.1007/978-3-030-79891-8$zE-book ? Accesso al full-text attraverso riconoscimento IP di Ateneo, proxy e/o Shibboleth 899 $aBIBLIOTECA DEL DIPARTIMENTO DI MATEMATICA E FISICA$1IT-CE0120$2VAN08 912 $fN 912 $aVAN00274518 950 $aBIBLIOTECA DEL DIPARTIMENTO DI MATEMATICA E FISICA$d08DLOAD e-book 8120 $e08eMF8120 20240412 996 $aAdvances in Data Science$92533068 997 $aUNICAMPANIA LEADER 01975nam0 2200445 i 450 001 VAN00045966 005 20260211104020.120 010 $a978-03-87230-59-7 100 $a20060605d2005 |0itac50 ba 101 $aeng 102 $aUS 105 $a|||| ||||| 181 $ai$b e 182 $an 183 $anc 200 1 $aˆAn ‰introduction to difference equations$fSaber Elaydi 205 $a3. ed 210 $aNew York$cSpringer$d2005 215 $aXXII, 539 p.$d24 cm 410 1$1001VAN00024019$12001 $aUndergraduate texts in mathematics$1210 $aBerlin [etc.]$cSpringer$d1958- 500 1$3VAN00302289$aˆAn ‰introduction to difference equations$983049 606 $a37Jxx$xDynamical aspects of finite-dimensional Hamiltonian and Lagrangian systems [MSC 2020]$3VANC021391$2MF 606 $a39-XX$xDifference and functional equations [MSC 2020]$3VANC029242$2MF 606 $a39A10$xAdditive difference equations [MSC 2020]$3VANC022520$2MF 606 $a39Axx$xDifference equations [MSC 2020]$3VANC029241$2MF 606 $a92-XX$xBiology and other natural sciences [MSC 2020]$3VANC020839$2MF 606 $a93-XX$xSystems theory; control [MSC 2020]$3VANC027040$2MF 610 $aDifference equations$9KW:K 610 $aMathematics$9KW:K 610 $aStability$9KW:K 620 $aUS$dNew York$3VANL000011 700 1$aElaydi$bSaber N.$3VANV035885$0441707 712 $aSpringer $3VANV108073$4650 801 $aIT$bSOL$c20260213$gRICA 856 4 $u/sebina/repository/catalogazione/documenti/Elaydi - An introduction to difference equations. 3. ed..pdf$zContents 899 $aBIBLIOTECA DEL DIPARTIMENTO DI MATEMATICA E FISICA$1IT-CE0120$2VAN08 912 $aVAN00045966 950 $aBIBLIOTECA DEL DIPARTIMENTO DI MATEMATICA E FISICA$d08PREST 39-XX 1273 $e08 7407 I 20060605 996 $aIntroduction to difference equations$983049 997 $aUNICAMPANIA